| 000 | 00631nam a2200253Ia 4500 | ||
|---|---|---|---|
| 008 | 160803s9999 xx 000 0 und d | ||
| 020 | _a9780590432665 | ||
| 100 | _aBoyd, Candy Dawson | ||
| 245 | _aCircle of gold / | ||
| 245 | _cCandy Dawson Boyd. | ||
| 260 | _aNew York : | ||
| 260 | _bScholastic Inc. | ||
| 260 | _c1984 | ||
| 300 | _a124 pages ; | ||
| 300 | _c20 cm | ||
| 500 | _a"An Apple paperback." | ||
| 650 | _aAfrican Americans -- | ||
| 650 | _aMothers and daughters -- | ||
| 650 | _aSingle-parent families -- | ||
| 650 | _xFiction. | ||
| 650 | _xFiction. | ||
| 650 | _xFiction. | ||
| 700 | _a610 | ||
| 999 |
_c299567 _d299567 |
||